Orientation and mobility : a curriculum guide
The manual describes a curriculum in orientation and mobility developed as part of the Adjustment to Blindness Program of the Greater Pittsburgh Guild for the Blind. Objectives and learning experiences are listed for the following 10 units: use of sighted guides, basic indoor orientation and cane sk...
Saved in:
| Main Author: | |
|---|---|
| Format: | Book |
| Language: | Undetermined |
| Published: |
[New York]
Greater pittsburgh guild for the blin
1977
|
| Subjects: | |
| Tags: |
Add Tag
No Tags, Be the first to tag this record!
|
| Institutions: | Trung tâm Học liệu Trường Đại học Cần Thơ |
|---|
| LEADER | 01159nam a2200217Ia 4500 | ||
|---|---|---|---|
| 001 | CTU_127146 | ||
| 008 | 210402s9999 xx 000 0 und d | ||
| 082 | |a 362.4 | ||
| 082 | |b K49 | ||
| 100 | |a Kimbrough, James A. | ||
| 245 | 0 | |a Orientation and mobility : | |
| 245 | 2 | |b a curriculum guide | |
| 245 | 0 | |c James A. Kimbrough, Kathleen M. Huebner | |
| 260 | |a [New York] | ||
| 260 | |b Greater pittsburgh guild for the blin | ||
| 260 | |c 1977 | ||
| 520 | |a The manual describes a curriculum in orientation and mobility developed as part of the Adjustment to Blindness Program of the Greater Pittsburgh Guild for the Blind. Objectives and learning experiences are listed for the following 10 units: use of sighted guides, basic indoor orientation and cane skills, residential sidewalk travel, residential/suburban non-sidewalk travel, rural non-sidewalk travel, light controlled intersections, business area travel, business establishment travel, metropolitan travel, and commercial non-sidewalk travel | ||
| 650 | |a Deafblind people | ||
| 650 | |x Orientation and mobility | ||
| 904 | |i Hiếu | ||
| 980 | |a Trung tâm Học liệu Trường Đại học Cần Thơ | ||